Η στρατηγική της επικοινωνίας : η τέχνη και η τεχνική του γραπτού και προφορικού λόγου
Αποθηκεύτηκε σε:
| Κύριος συγγραφέας: | |
|---|---|
| Μορφή: | Βιβλίο |
| Γλώσσα: | Greek |
| Δημοσίευση: |
Αθήνα :
Γρηγόρης,
1993
|
| Θέματα: | |
| Ετικέτες: |
Προσθήκη ετικέτας
Δεν υπάρχουν, Καταχωρήστε ετικέτα πρώτοι!
|
MARC
| LEADER | 00000cam a2200000 i 4500 | ||
|---|---|---|---|
| 001 | 1/56213 | ||
| 008 | 960514s1990 gre d | ||
| 020 | |a 960-333-039-6 | ||
| 035 | |l 10027985 | ||
| 040 | |a GR-MY-UA |b gre |e aacr | ||
| 041 | 0 | |a gre | |
| 082 | 0 | |a 808.066651 | |
| 100 | 1 | |a Φραγκομίχαλος, Κωνσταντίνος Ε. | |
| 245 | 1 | 2 | |a Η στρατηγική της επικοινωνίας : |b η τέχνη και η τεχνική του γραπτού και προφορικού λόγου / |c Κώστας Ε. Φραγκομίχαλος |
| 260 | |a Αθήνα : |b Γρηγόρης, |c 1993 | ||
| 300 | |a 344 σ. | ||
| 500 | |a Περιέχει ευρετήριο και βιβλιογραφία. | ||
| 500 | |a Το αντίτυπο με αριθμό εισαγωγής 147068 αντικατέστησε χαμένο | ||
| 650 | 0 | 0 | |a Business communication. |
| 852 | |a INST |b CHIOS |e 19960515 |h 808.066651 ΦΡΑ |p 005200008347 |q 005200008347 |t BK |y 0 | ||
| 852 | |a INST |b CHIOS |e 19960514 |h 808.066651 ΦΡΑ |p 005200008438 |q 005200008438 |t BK |y 0 | ||
| 852 | |a INST |b CHIOS |e 19961212 |h 808.066651 ΦΡΑ |p 005200008439 |q 005200008439 |t BK |y 0 | ||
| 852 | |a INST |b CHIOS |e 19960805 |h 808.066651 ΦΡΑ |p 005200030561 |q 005200030561 |t BK |y 0 | ||
| 852 | |a INST |b LESVOS |e 20010124 |h 808.066651 ΦΡΑ |p 005100029401 |q 005100029401 |t BK |y 0 | ||
| 901 | |a BIBL2-2009-1 | ||
| 909 | |a Χ |b 045542 | ||
| 909 | |a Χ |b 147068 | ||
| 909 | |a Χ |b 045543 | ||
| 909 | |a Χ |b 045556 | ||
| 909 | |a Λ |b 084671 | ||